| 000 | 00486nam a2200193 4500 | ||
|---|---|---|---|
| 001 | 42822 | ||
| 090 | _a42822 | ||
| 100 | _a20240306 pory50 | ||
| 101 | _apor | ||
| 102 | _aPT | ||
| 200 |
_aPlanetas _einteractivo |
||
| 210 |
_cDK ( Dorling Kindersley) _cdist. Costa do Castelo filmes |
||
| 215 | _a1 DVD | ||
| 225 | _aEnciclopédia visual | ||
| 300 | _a45 min. M/6 | ||
| 327 | _aDocumentário interactivo sobre os Planetas | ||
| 675 | _a52 | ||
| 801 |
_aPT _gRPC |
||
| 990 | _cFILMES DVD | ||